Search the Library Catalogue
| 000 -LEADER | |
|---|---|
| fixed length control field | 00794nam a2200205Ia 4500 |
| 008 - FIXED-LENGTH DATA ELEMENTS--GENERAL INFORMATION | |
| fixed length control field | 240825s9999 xx 000 0 und d |
| 020 ## - INTERNATIONAL STANDARD BOOK NUMBER | |
| ISBN | 9781526477415 |
| Paper back/Hardbound | pbk |
| 041 ## - LANGUAGE CODE | |
| Language code of text/sound track or separate title | eng |
| 082 ## - DEWEY DECIMAL CLASSIFICATION NUMBER | |
| Classification number | 372.7 |
| Item number | POP |
| 245 #0 - TITLE STATEMENT | |
| Title | Understanding subject knowledge for primary teaching |
| Statement of responsibility, etc | / Edited by Deborah Pope |
| 250 ## - EDITION STATEMENT | |
| Edition statement | 1st edition |
| 260 ## - PUBLICATION, DISTRIBUTION, ETC. (IMPRINT) | |
| Name of publisher | London: Sage Publications, |
| Year of publication | 2019 |
| 300 ## - PHYSICAL DESCRIPTION | |
| Number of Pages | x, 184 pages : illustrations ; 25 cm |
| 520 ## - SUMMARY, ETC. | |
| Summary, etc | How can trainee teachers begin their careers with a clear understanding of all the curriculum subjects? This text addresses the nature of subject knowledge in all foundation curriculum subjects |
| 650 ## - SUBJECT ADDED ENTRY--TOPICAL TERM | |
| Topical Term | Elementary school teaching |
| Topical Term | primary education |
| 700 ## - ADDED ENTRY--PERSONAL NAME | |
| Personal name | Pope, Deborah [ed.] |
| 942 ## - ADDED ENTRY ELEMENTS (KOHA) | |
| Koha item type | English Books |
| Withdrawn status | Lost status | Damaged status | Not for loan | Home library | Current library | Shelving location | Date acquired | Full call number | Accession Number | Price effective from | Koha item type |
|---|---|---|---|---|---|---|---|---|---|---|---|
| Anna Centenary Library | Anna Centenary Library | 4TH FLOOR, A WING | 25.08.2024 | 372.7 POP | 693585 | 25.08.2024 | Reference |